Fisioterapia respiratoria (Registro nro. 324844)

Detalles MARC
000 -ENCABEZADO
Número de control [NR] 01314nam a22003017a 4500
005 - FECHA Y HORA DE LA ÚLTIMA TRANSACCIÓN
control field 20241001085544.0
008 - DE LONGITUD FIJA DE DATOS DE ELEMENTOS - INFORMACIÓN GENERAL
Elementos de longitud fija [NR] 241001t ||||| |||| 00| 0 spa d
020 ## - NUMERO INTERNACIONAL NORMALIZADO PARA LIBROS [R]
Número Internacional Normalizado del libro [NR] 9789585003651 (impreso)
020 ## - NUMERO INTERNACIONAL NORMALIZADO PARA LIBROS [R]
Número Internacional Normalizado del libro [NR] 9789585003668 (epub)
020 ## - NUMERO INTERNACIONAL NORMALIZADO PARA LIBROS [R]
Número Internacional Normalizado del libro [NR] 9789585003675 (pdf)
040 ## - FUENTE DE CATALOGACION [NR]
Agencia de catalogación original [NR] CO-BoUCM
Quien Cataloga David Moreno
Quien Clasifica David Moreno
041 ## - CODIGO DE IDIOMA [R]
Código de idioma para texto/pista de sonido o título separado [R] Español
060 ## - SIGNATURA TOPOGRAFICA DE LA BIBLIOTECA NACIONAL DE MEDICINA (NLM) [R]
Número clasificador [R] WF 310
100 1# - ASIENTO PRINCIPAL--NOMBRE PERSONAL [NR]
Nombre personal [NR] Díaz Castañeda, Natalia
ID Autoridad 183180
245 1# - MENCION DE TITULO [NR]
Título [NR] Fisioterapia respiratoria
Parte restante del título [NR] Clínica y aplicación de las técnicas de higiene bronquial
Mención de responsabilidad, etc. [NR] Natalia Díaz Castañeda, Sandra Martpinez Coronado, Olga Cecilia Vargas Pinilla...[y otro]
250 ## - MENCION DE EDICION [NR]
Mención de edición [NR] 1a. Ed
260 ## - PUBLICACION, DISTRIBUCION, ETC. (PIE DE IMPRENTA) [R]
Lugar de publicación, distribución, etc. [R] Bogotá, Colombia
Nombre del editor, distribuidor, etc. [R] Editorial universidad del Rosario
Fecha de publicación, distribución, etc. [R] 2024
300 ## - DESCRIPCION FISICA [R]
Extensión [R] xix, 218 Paginas
650 14 - ASIENTO SECUNDARIO DE MATERIA - TERMINO TEMATICO [R]
Término temático o nombre geográfico como elemento de entrada [NR] Clinica
Subdivisión general [R] Fisioterapia respiratoria
9 (RLIN) 183181
650 14 - ASIENTO SECUNDARIO DE MATERIA - TERMINO TEMATICO [R]
Término temático o nombre geográfico como elemento de entrada [NR] Salud pulmonar
Subdivisión general [R] Enfermedades respiratorias
9 (RLIN) 183182
650 14 - ASIENTO SECUNDARIO DE MATERIA - TERMINO TEMATICO [R]
Término temático o nombre geográfico como elemento de entrada [NR] Terapia respiratoria
Subdivisión general [R] Tratamiento fisioterapeutico
9 (RLIN) 183183
650 14 - ASIENTO SECUNDARIO DE MATERIA - TERMINO TEMATICO [R]
Término temático o nombre geográfico como elemento de entrada [NR] Tecnicas de higiene bronquial
Subdivisión general [R] Enfermedades bronquiales
9 (RLIN) 183184
650 14 - ASIENTO SECUNDARIO DE MATERIA - TERMINO TEMATICO [R]
Término temático o nombre geográfico como elemento de entrada [NR] Rehabilitacion pulmonar
Subdivisión general [R] Enfermedades de los pulmones
9 (RLIN) 183185
700 1# - ASIENTO SECUNDARIO - NOMBRE PERSONAL [R]
Nombre personal [NR] Martínez Coronado, Sandra
9 (RLIN) 183186
700 1# - ASIENTO SECUNDARIO - NOMBRE PERSONAL [R]
Nombre personal [NR] Vargas Pinilla, Olga Cecilia
9 (RLIN) 78579
700 1# - ASIENTO SECUNDARIO - NOMBRE PERSONAL [R]
Nombre personal [NR] Durán Palomino, Diana
9 (RLIN) 136927
942 ## - ELEMENTOS DE ENTRADA AGREGADOS (KOHA)
Sistema de clasificación NLM
Tema principal Ciencias de la salud
Tipo de ítem principal el descrito en 300a Libro
Edición 1
Clasificación WF 310
Parte restante de la signatura top. D542f
Título oculto en OPAC No
Existencias
Signatura topográfica Código de barras Última vez visto Ejemplar Price effective from Tipo de ítem Perdido Sistema de clasificación Dañado No prestable Tipo de ítem específico Suprimido Ubicación habitual Ubicación actual Localización Fecha de creación Forma de adquisición Costo Fecha de último préstamo Total préstamos Total Renewals Prestado Costo de reposición
WF 310 D542f 100173227 03/12/2025 Ej.1 01/10/2024 Edición Rosarista   NLM     Libro Edición Rosarista   Claustro Claustro 4to piso 01/10/2024 Compra 27300.00          
WF 310 D542f 100173501 26/05/2026 Ej.4 17/10/2024 Libro   NLM     Libro   Hospital Universitario Mayor Hospital Universitario Mayor 9no piso 17/10/2024 Donación   20/03/2026 4 5   26000.00
WF 310 D542f 100173228 11/05/2026 Ej.2 01/10/2024 Libro   NLM     Libro   Quinta de Mutis Quinta de Mutis 2do piso 01/10/2024 Compra 27300.00 04/02/2026 5 7    
WF 310 D542f 100173226 04/03/2026 Ej.3 01/10/2024 Libro   NLM     Libro   Quinta de Mutis Quinta de Mutis 2do piso 01/10/2024 Compra 27300.00 04/03/2026 9 9 14/08/2026